00641cam a22002297a 4500003000500000005001700005008004100022010001000063011001000073020001500083035001000098040000900108082001500117100002400132245008800156260003300244300003100277650003100308650002400339650002600363700002200389CHAP20220329141911.0980508d1994 es a r 00110 es d a75476 a76448 a8420007641 a86033 cCHAP04a664.8bR4Y00aRees, J. A. G.eed.10aProcesado térmico y envasado de los alimentosc/ed. por J.A.G. Rees y J. Bettison aZaragoza, :bAcribia,c1994. a287 p. :bilus. ; gráfs.14aAlimentosxConservación.14aAlimentosxEmpaque.14aAlimentosxProcesado.0 aBettison, J.eed.